Military institutions and power in the new states

Uloženo v:
Podrobná bibliografie
Hlavní autor: Gutteridge, William
Médium: Kniha
Jazyk:Undetermined
Vydáno: London Pall Mall Press 1964
Témata:
Tagy: Přidat tag
Žádné tagy, Buďte první, kdo otaguje tento záznam!
Thư viện lưu trữ: Trung tâm Học liệu Trường Đại học Cần Thơ
LEADER 00492nam a2200181Ia 4500
001 CTU_78244
008 210402s9999 xx 000 0 und d
082 |a 355 
082 |b G985 
100 |a Gutteridge, William 
245 0 |a Military institutions and power in the new states 
245 0 |c William Gutteridge 
260 |a London 
260 |b Pall Mall Press 
260 |c 1964 
650 |a Armed forces 
904 |i Mai Loan 
980 |a Trung tâm Học liệu Trường Đại học Cần Thơ